Vol. 33 : Contemporary Issues of Hydrogeology, Engineering Geology and Hydrogeoecology in Eurasia: All-Russian Scientific Conference with International Participation on Contemporary Issues, 23–27 November 2015, Tomsk, Russia; IOP Conference Series: Earth and Environmental Science

Podrobná bibliografie
Parent link:IOP Conference Series: Earth and Environmental Science. Vol. 33 : Contemporary Issues of Hydrogeology, Engineering Geology and Hydrogeoecology in Eurasia
Korporace: National Research Tomsk Polytechnic University (TPU), Contemporary Issues of Hydrogeology, Engineering Geology and Hydrogeoecology in Eurasia
Shrnutí:Title screen
Режим доступа: по договору с организацией-держателем ресурса
Jazyk:angličtina
Vydáno: 2016
Témata:
On-line přístup:http://iopscience.iop.org/issue/1755-1315/33/1
Médium: MixedMaterials Elektronický zdroj Kniha
KOHA link:https://koha.lib.tpu.ru/cgi-bin/koha/opac-detail.pl?biblionumber=649019

MARC

LEADER 00000nlm2a2200000 4500
001 649019
005 20231102025625.0
035 |a (RuTPU)RU\TPU\network\14178 
090 |a 649019 
100 |a 20160615a2016 k y0engy50 ba 
101 0 |a eng 
102 |a GB 
105 |a a z 100zy 
135 |a drcn ---uucaa 
181 0 |a i  
182 0 |a b 
200 0 |a Vol. 33 : Contemporary Issues of Hydrogeology, Engineering Geology and Hydrogeoecology in Eurasia  |e All-Russian Scientific Conference with International Participation on Contemporary Issues, 23–27 November 2015, Tomsk, Russia 
203 |a Text  |c electronic 
210 |d 2016 
300 |a Title screen 
333 |a Режим доступа: по договору с организацией-держателем ресурса 
461 1 |0 (RuTPU)RU\TPU\network\2499  |t IOP Conference Series: Earth and Environmental Science  |v Vol. 33 : Contemporary Issues of Hydrogeology, Engineering Geology and Hydrogeoecology in Eurasia 
606 1 |a Геология  |2 stltpush  |3 (RuTPU)RU\TPU\subj\6095  |9 34054 
610 1 |a конференции 
610 1 |a труды учёных ТПУ 
610 1 |a электронный ресурс 
675 |a 55(063)  |v 3 
712 0 2 |a National Research Tomsk Polytechnic University (TPU)  |2 stltpush  |3 (RuTPU)RU\TPU\col\18773 
712 1 2 |a Contemporary Issues of Hydrogeology, Engineering Geology and Hydrogeoecology in Eurasia  |c conference  |e Tomsk  |f 2015 
801 2 |a RU  |b 63413507  |c 20171012  |g RCR 
856 4 |u http://iopscience.iop.org/issue/1755-1315/33/1 
942 |c CF